000 00479nam a2200181Ia 4500
999 _c28534
_d28534
003 OSt
005 20201124132712.0
008 190216s9999||||xx |||||||||||||| ||und||
020 _a9788126402182
040 _coclc
082 _a894.8123
_bMUK/N
100 _aMukundan, M
_96509
245 0 _aNrutham /
_cM Mukundan
260 _bDc Books,
_aKottayam:
_c2005.
300 _a95p
650 _aNovel
942 _cBK
_2ddc
_h894.8123
_iMUK/N
_k894.8123
_mMUK/N